000
00347nas a2200157 4500
999
_c
93571
_d
93571
003
NALT
005
20210325215548.0
008
170830b th ||||| |||| 00| 0 tha d
022
_a
01250957
040
_a
NALT
041
_a
tha
245
_a
รัฐสภาสาร
850
_a
NALT
942
_2
local
_c
JNR